000 00722 a2200205 4500
010 _aENG-89606
020 _a818157348X
_c200.00
035 _aEN-73139
037 _bDBAD / PUB
082 1 4 _a230.1
090 _c11325
_d11325
100 1 _aBhattacharya, Pradip
245 1 _aPancha-kanya:
_cby Pradip Bhattacharya
_bthe five virgins of Indian epics (a quest in search of meaning)/
260 _aKolkata
_bWriters Workshop
_c2005
270 _a162/92, Lake Gardens,
_bKolkatta
_e700 045
300 _a131p.:
_c22 cm ( Hb.)
_bill
490 _a A Writers Workshop greybird book
942 _adpl
_cEN
_k230.1 / BHA
999 _c11019
_d11019